Fr. Conceicao Rodrigues College of Engineering

Last day of my life (Record no. 32617)

MARC details
000 -LEADER
fixed length control field 00294nam a2200145Ia 4500
082 ## - DEWEY DECIMAL CLASSIFICATION NUMBER
Item number MOR
100 ## - MAIN ENTRY--PERSONAL NAME
Personal name Moret Jim
245 ## - TITLE STATEMENT
Title Last day of my life
260 ## - PUBLICATION, DISTRIBUTION, ETC.
Name of publisher, distributor, etc. Jaico Publishing House
Date of publication, distribution, etc. 2010
366 ## - TRADE AVAILABILITY INFORMATION
Publishers's discount category 28
300 ## - PHYSICAL DESCRIPTION
Extent 152
546 ## - LANGUAGE NOTE
Language note ENGLISH
-- Computers
942 ## - ADDED ENTRY ELEMENTS (KOHA)
Koha item type BOOK
Holdings
Withdrawn status Lost status Damaged status Not for loan Collection Home library Current library Date acquired Source of acquisition Cost, normal purchase price Inventory number Total Checkouts Full call number Barcode Date last seen Cost, replacement price Price effective from Koha item type
        CRC Fr. Agnel's C.Rodrigues College of Engineering Fr. Agnel's C.Rodrigues College of Engineering 17/03/2023 Allied Publisher 140.40 1229 dt 22.12.2015   MOR 23987 17/03/2023 195.00   BOOK